A survey on semantic web / (Record no. 42100)

MARC details
000 -LEADER
fixed length control field 00696nam a22002057a 4500
005 - DATE AND TIME OF LATEST TRANSACTION
control field 20100816121430.0
010 ## - LCCN (DPL NO)
LC control number ENG-100575
020 ## - INTERNATIONAL STANDARD BOOK NUMBER
International Standard Book Number 8177355163
Terms of availability 50.00
035 ## - SYSTEM CONTROL NUMBER
System control number EN-84108
037 ## - SOURCE OF ACQUISITION
Source of stock number/acquisition DBAD/PUB
082 ## - DEWEY DECIMAL CLASSIFICATION NUMBER
Classification number 025.04
100 ## - MAIN ENTRY--PERSONAL NAME
Personal name Ganambal,S
245 ## - TITLE STATEMENT
Title A survey on semantic web /
Statement of responsibility, etc by S Gnanambal
260 ## - PUBLICATION, DISTRIBUTION, ETC. (IMPRINT)
Place of publication, distribution, etc Chennai
Name of publisher, distributor, etc Pavai Publications
Date of publication, distribution, etc 2008
270 ## - ADDRESS
Address 142 Jani Jan Khan Road Royapettah
City Chennai
Postal code 600014
300 ## - PHYSICAL DESCRIPTION
Extent vii,104p
Dimensions 20cm(pbk)
500 ## - GENERAL NOTE
General note Includes index
942 ## - ADDED ENTRY ELEMENTS (KOHA)
Source of classification or shelving scheme Dewey Decimal Classification
Item type English Books
Classification part 025.04
Call number suffix GNA
Holdings
Withdrawn status Lost status Not for loan Collection code Home library Current library Date acquired Source of acquisition Cost, normal purchase price Full call number Barcode Copy number Cost, replacement price Koha item type
    Not For Loan Non-fiction D.B.Act.Division D.B.Act.Division 16/08/2010 DBAD/PUB 50.00 025.04 GNA EN-84108 1 50.00 English Books

© Delhi Public Library
Hit Counter
free hit counter